00459 2200181 4500245006000000020002200060250001100082100001900093700001800112650001900130650001700149005001900166260003700185041001400222084001100236300002100247336000900268 aGunung Meletus b : Seri BencanacSari PusparinihText a978-979-692-026-6 aCet. 1 aSari Pusparini aPipih Latifah aGunung Meletus aSeri Bencana a20230306092300 aBandungbRemaja Rosdakaryac2011 aIndonesia a551.21 a52 hlm. :cilus. atext